A whole new light

Bibliographic Details
Main Author: Brown, Sandra
Format: Book
Published: Bath : Chivers Press , 1991

MARC

LEADER 00000cam a2200000 7i4500
001 0000001187
002 000001311
005 20000330.0
020 |a 0862206979 
090 0 0 |a F   |b BRO 
100 1 |a Brown, Sandra 
245 1 2 |a A whole new light   |c Sandra Brown 
260 |a Bath :   |b Chivers Press ,   |c 1991 
300 |a 183 p. ;   |c 21 cm. 
999 |a 030825   |b BUKU   |c PINJAMAN   |e PERPUSTAKAAN KOMUNITI PETALING JAYA 
999 |a 030826   |b BUKU   |c PINJAMAN   |e PERPUSTAKAAN KOMUNITI PETALING JAYA